000 00563nam a22001697a 4500
003 NUST
038 _aNusrat Nadeem
082 _a200
100 _aNaeem, Misbah
_9120121
245 _aFrom Pixels to Precision: Deep Semantic Segmentation of Water Bodies in Remote Sensing Imagery/
_cMisbah Naeem
264 _aIslamabad,
_bSEECS NUST,
_c2023.
300 _aill:
_b79,p:
_c30cm.
650 _aMS-Electrical Engineering
_923567
700 _aSupervisor: Dr. Usman Ali
_970055
856 _u http://10.250.8.41:8080/xmlui/handle/123456789/40339
942 _2ddc
_cSC
999 _c607550
_d607550